Hands of our ancestors (Record no. 9678)

MARC details
000 -CABECERA
campo de control de longitud fija 01077nam a2200289 a 4500
001 - NÚMERO DE CONTROL
campo de control BRL_866
005 - FECHA Y HORA DE LA ÚLTIMA TRANSACCIÓN
campo de control 20190320210930.0
008 - DATOS DE LONGITUD FIJA--INFORMACIÓN GENERAL
campo de control de longitud fija 211013s1986----cn-ao#####---#000-0#eng-#
020 ## - NÚMERO INTERNACIONAL ESTÁNDAR DEL LIBRO
Número Internacional Estándar del Libro 0888651082
041 ## - CÓDIGO DE LENGUA
Código de lengua del texto/banda sonora o título independiente eng
044 ## - CÓDIGO DEL PAÍS DE LA ENTIDAD EDITORA/PRODUCTORA
Código MARC del país cn
050 #4 - SIGNATURA TOPOGRÁFICA DE LA BIBLIOTECA DEL CONGRESO
Número de clasificación E78.N78
Número de documento/Ítem .L66 1986
100 1# - ENTRADA PRINCIPAL--NOMBRE DE PERSONA
Nombre de persona Lominska Johnson, Elizabeth
9 (RLIN) 25181
245 10 - MENCIÓN DE TÍTULO
Título Hands of our ancestors
Resto del título The Revival of Salish Weaving at Musqueam
Mención de responsabilidad, etc. Elizabeth Lominska Johnson and Kathryn Bernick ; photograph by Mila Cotic.
260 ## - PUBLICACIÓN, DISTRIBUCIÓN, ETC.
Lugar de publicación, distribución, etc. Canadá
Nombre del editor, distribuidor, etc. UBC Museum of Anthropology
Fecha de publicación, distribución, etc. 1986
300 ## - DESCRIPCIÓN FÍSICA
Extensión 32 p.
Otras características físicas il.
Dimensiones 25 cm.
440 #0 - MENCIÓN DE SERIE/PUNTO DE ACCESO ADICIONAL--TÍTULO
Título Museum note
Designación de volumen o secuencia 16
9 (RLIN) 25182
500 ## - NOTA GENERAL
Nota general Au975
650 14 - PUNTO DE ACCESO ADICIONAL DE MATERIA--TÉRMINO DE MATERIA
Término de materia o nombre geográfico como elemento de entrada Indígenas de América del Norte
Subdivisión general Indumentaria
Subdivisión geográfica Costa Noroeste de América del Norte
9 (RLIN) 25183
650 14 - PUNTO DE ACCESO ADICIONAL DE MATERIA--TÉRMINO DE MATERIA
Término de materia o nombre geográfico como elemento de entrada Indígenas de América del Norte
Subdivisión general Vida social y costumbres
Subdivisión geográfica Costa Noroeste de América del Norte
9 (RLIN) 25184
650 14 - PUNTO DE ACCESO ADICIONAL DE MATERIA--TÉRMINO DE MATERIA
Término de materia o nombre geográfico como elemento de entrada Arte indígena
Subdivisión geográfica Costa Noroeste de América del Norte
9 (RLIN) 25108
650 14 - PUNTO DE ACCESO ADICIONAL DE MATERIA--TÉRMINO DE MATERIA
Término de materia o nombre geográfico como elemento de entrada Telas
9 (RLIN) 25185
700 1# - PUNTO DE ACCESO ADICIONAL--NOMBRE DE PERSONA
Nombre de persona Bernick, Kathryn
9 (RLIN) 25186
700 1# - PUNTO DE ACCESO ADICIONAL--NOMBRE DE PERSONA
Nombre de persona BeCotic, Mila
Término indicativo de función/relación il.
9 (RLIN) 25187
902 ## - CATALOGADOR
Iniciales GRL
942 ## - ELEMENTOS DE PUNTO DE ACCESO ADICIONAL (KOHA)
Fuente del sistema de clasificación o colocación Library of Congress Classification
Tipo de ítem Koha Libros
Holdings
Estado de retiro Estado de pérdida Estado dañado No para préstamo Localización permanente Ubicación/localización actual Fecha de adquisición Número de inventario Total de préstamos Signatura topográfica completa Código de barras Fecha visto por última vez Precio válido a partir de Tipo de ítem Koha
El ejemplar forma parte de la colección y puede ser consultado según las políticas vigentes.       Biblioteca Centro de Estudios Ruth D. Lechuga Biblioteca Centro de Estudios Ruth D. Lechuga 21/10/2013 Au975   E78.N78 .L66 1986 (Au975) GRL00935 22/03/2019 22/03/2019 Libros